| 000 | 01153nam a2200193 i 4500 | ||
|---|---|---|---|
| 001 | 128884 | ||
| 003 | ES-MaACL | ||
| 005 | 20230906193400.0 | ||
| 007 | t| | ||
| 008 | 070529s1961 cu ||||1| spa d | ||
| 080 | _a821.134.2(729.1)-22"18"(082.2) | ||
| 245 | 0 | 0 |
_aTeatro bufo _b: siete obras. Tomo I. |
| 260 |
_a[La Habana : _bs.n.], _c1961 ( _fImp. Nacional) |
||
| 300 |
_a255 p. ; _c21 cm. |
||
| 505 | 8 | _aContiene: Los Cheverones. Sainete bufo liríco / de José Barreiro ; música de Rafael Palau.-- Don Centen. Entretenimiento cómico lírico en un acto y dos cuadros / por X. 1896.-- La herencia de Canuto. Zarzuela bufa / de Benjamín Sánchez Maldonado ; música de Antonio González.-- Los efectos del billete o a la Celaduria / de Olallo Díaz González.-- El hombre de la gallina. Juguete cómico / por Chacón y Nuza.-- Los detallistas. Revista cómico-lírica / de Olallo Díaz González.-- Los hijos de Thalia o Bufos de Fin de Siglo / de Benjamín Sánchez Maldonado ; música de Rafael Palau | |
| 650 | 1 | 4 |
_aTeatro cubano- _yS.XIX. _917335 |
| 710 | 2 |
_aUniversidad Central de Las Villas. _97082 |
|
| 852 |
_aES-MaACL _jE-4184 _bR.50775 |
||
| 999 |
_c128884 _d128884 |
||